000 01058nam a22002897a 4500
005 20240530110556.0
008 160229s2013 ua g b 000 0 ara d
017 _a2013/1583
_bمصر . دار الكتب المصرية
020 _a9789774312681
040 _aEG-CaGPL
082 0 4 _221
_a352.3\
_bس م
100 0 _aسامح عامر
245 1 0 _aمبادئ و اخلاقيات الادارة /
_cسامح عامر ، علاء قنديل
250 _aط1
260 _aالقاهرة :
_bمؤسسة طيبة للنشر و التوزيع ،
_c2013 .
300 _a433 ص ؛
_c24 سم .
504 _aيشتمل على ارجاعات ببليوجرافية
650 0 4 _aالادارة
650 0 4 _aاتخاذ القرارات
650 0 4 _aالاجراءات الادارية
650 0 4 _aتقييم الاداء
650 0 4 _aالتنمية الادارية
650 0 4 _aالاخلاق المهنية
700 0 _aعلاء قنديل
_eمؤلف مشارك
942 _2ddc
_cBK
999 _c62556
_d62556